| 000 | 00373nam a2200133Ia 4500 | ||
|---|---|---|---|
| 008 | 220217s9999||||xx |||||||||||||| ||und|| | ||
| 020 | _a81-7656-567-9 | ||
| 082 | _a005.133 GUP | ||
| 100 |
_aDasgupta, Soma _97140 |
||
| 245 | 0 | _aVisual basic projects | |
| 260 |
_aBPB publications _bNew Delhi _c2010 |
||
| 300 |
_aIX,269p.;28cm _b165 |
||
| 650 | _aPROGRAMMING LANGUAGE | ||
| 999 |
_c180702 _d180702 |
||